| 000 | 01350nam a2200313Ia 4500 | ||
|---|---|---|---|
| 001 | ebr10350283 | ||
| 003 | CaPaEBR | ||
| 006 | m u | ||
| 007 | cr cn||||||||| | ||
| 008 | 090602s2009 ncu sb s001 0 eng d | ||
| 010 | _z 2009022448 | ||
| 020 | _z9780807833360 (cloth : alk. paper) | ||
| 040 |
_aCaPaEBR _cCaPaEBR |
||
| 035 | _a(OCoLC)646872617 | ||
| 050 | 1 | 4 |
_aBT720 _b.F56 2009eb |
| 100 | 1 | _aFinstuen, Andrew S. | |
| 245 | 1 | 0 |
_aOriginal sin and everyday Protestants _h[electronic resource] : _bthe theology of Reinhold Niebuhr, Billy Graham, and Paul Tillich in an age of anxiety / _cAndrew S. Finstuen. |
| 260 |
_aChapel Hill, NC : _bUniversity of North Carolina Press, _c2009. |
||
| 300 | _ax, 255 p. | ||
| 504 | _aIncludes bibliographical references and index. | ||
| 533 |
_aElectronic reproduction. _bPalo Alto, Calif. : _cebrary, _d2010. _nAvailable via World Wide Web. _nAccess may be limited to ebrary affiliated libraries. |
||
| 600 | 1 | 0 |
_aNiebuhr, Reinhold, _d1892-1971. |
| 600 | 1 | 0 |
_aGraham, Billy, _d1918- |
| 600 | 1 | 0 |
_aTillich, Paul, _d1886-1965. |
| 650 | 0 |
_aSin, Original _xHistory of doctrines _y20th century. |
|
| 655 | 7 |
_aElectronic books. _2local |
|
| 710 | 2 | _aebrary, Inc. | |
| 856 | 4 | 0 |
_uhttp://site.ebrary.com/lib/rucke/Doc?id=10350283 _zAn electronic book accessible through the World Wide Web; click to view |
| 999 |
_c29004 _d29004 |
||